Statistics for Former "Country" Flags #13-Central Asia

Click here to take the quiz!

General Stats

  • This quiz has been taken 14 times
  • The average score is 7 of 18

Answer Stats

Answer% Correct
Mongol Empire
92%
Kazakh Khanate
67%
Uzbek Khanate
58%
First East Turkestan Republic
42%
Khanate of Khiva
42%
Khanate of Khiva
42%
Second East Turkestan Republic
42%
Turkestan Autonomy
42%
Bukharan People's Soviet Republic
33%
Emirate of Bukhara
33%
Khanate of Bukhara
33%
Nogai Horde
33%
Alash Autonomy
25%
Khanate of Kokand
25%
Confederated Republic of Altai
17%
Second Confederated Republic of Altai
17%
Changatai Khanate
8%
Khorezm People's Soviet Republic
8%

Score Distribution

Percentile by Number Answered

Percent of People with Each Score

Your Score History

You have not taken this quiz